000 00543nam a22001817a 4500
005 20160819122255.0
010 _aENG-115783
020 _a9788179506349
_c300.00
035 _aEN-99315
037 _bDBAD/PUB
082 _a230.2
245 _aSrimad Bhagavata Maha Puranam /
_cCompilid by T.K. Venkataraman
260 _aMumbai
_bGiri Trading Egency
_c2014
270 _aModi Niwas,opp. Post office,Matunga
_bMumbai
_e400019
300 _a352p.
_c24Cm(pbk)
700 _aT.K.Venkataraman
942 _2ddc
_cEN
_h230.2
_mSRI
999 _c102538
_d102538